000 00794nam a2200241Ia 4500
003 OSt
005 20250303101855.0
008 210716s2008 xx 000 0 und d
020 _a8126503319
040 _cAIMIT LIBRARY
041 _aeng
082 _a006.671
_22
_bGRAM
100 _aGrand, Mark.
_9203324
245 _aPatterns in java :
_bcatalog of reusable design patterns iiiustrated with UML /
_cBy Mark Grand.
250 _a2nd ed.
260 _aNew Delhi :
_bWiley Publishing Inc ,
_c2008.
300 _av,580p. ;
_bPB
_c23.8 cm
500 _aVolume 1- a catalog of reusable design patterns illustrated with UML.
650 _aOverview of UML
_9203325
650 _aStructural patterns
_9203326
650 _aConcurrency patterns
_9203327
942 _2ddc
_cBK
_e2nd
_k006.671 GRAM
999 _c190533
_d190533